000
00308nam a2200133Ia 4500
008
200103s9999||||xx |||||||||||||| ||und||
040
_a
IMU-MPC
082
_a
Column-63
100
_a
Cohen, Herb
245
0
_a
You can Negotiate Anything
260
_b
Jaico Publishing House
300
_a
1980
942
_c
BK
999
_c
11244
_d
11244